| 000 | 01008nam a2200313 a 4500 | ||
|---|---|---|---|
| 001 | vtls001402039 | ||
| 003 | NLI | ||
| 005 | 20210627113016.0 | ||
| 008 | 121127s1936 enk 001 0 eng | ||
| 020 | _cUSD 20.00 | ||
| 039 | 9 |
_y201211272015 _zVLOAD |
|
| 040 |
_aNLI _beng _cDatasoft_2012 _eAACR2 |
||
| 041 | 0 | _aeng | |
| 044 | _a enk | ||
| 082 | 0 | 4 | _a 828.91 |
| 100 | 1 |
_aLawrence, D. H. _q(David Herbert), _d1885-1930 _9695223 |
|
| 245 | 1 | 0 |
_aPhoenix : _bthe posthumous papers of D. H. Lawrence / _cD. H. Lawrence ; edited and with an introd. by Edward D. McDonald |
| 260 |
_aLondon : _bWilliam Heinemann, _c1936 |
||
| 300 |
_axxvii, 852 p. ; _c22 cm. |
||
| 500 | _a"A Penguin book." | ||
| 500 | _aIncludes index | ||
| 650 | 0 |
_aAuthors, English _y20th century _xBiography _9793203 |
|
| 700 | 1 |
_aMcDonald, Edward D., _4edt _9975929 |
|
| 887 | _a | ||
| 901 |
_a345244 _b15.06.1962 |
||
| 902 | _aE 828.91 L 435 | ||
| 949 |
_AVIRTUAITEM _D10000 _X100 _6PUR000345244ENG |
||
| 942 |
_2ddc _cBKS |
||
| 999 |
_aVIRTUA40 _c856495 _d856495 |
||